[Event "Seefeld op 12th"]
[Site "Seefeld"]
[Date "2001.09.18"]
[Round "4"]
[White "Kollmann, Othmar"]
[Black "Lorenz, Christof"]
[Result "1-0"]
[WhiteElo "1734"]
[BlackElo "1408"]
[PlyCount "59"]
[EventDate "2001.09.15"]
[EventType "swiss"]
[EventRounds "9"]
[EventCountry "AUT"]
[SourceTitle "EXT 2002"]
[Source "ChessBase"]
[SourceDate "2001.11.25"]
[SourceVersion "1"]
[SourceVersionDate "2001.11.25"]
[SourceQuality "1"]

1. e4 e5 2. f4 d5 3. exd5 Qxd5 4. Nc3 Qe6 5. fxe5 Qxe5+ 6. Be2 Nf6 7. Nf3 Qd6 8. 0-0 a6 9. d4 c5 10. Bg5 Be7 11. Bxf6 Bxf6 12. Ne4 Bxd4+ 13. Kh1 Qg6 14. Bd3 0-0 15. Nxc5 Qc6 16. Bxh7+ Kxh7 17. Qxd4 Qh6 18. Ne5 Nc6 19. Nxc6 Qxc6 20. Rf4 Kg8 21. Qf2 Be6 22. Ne4 Rfc8 23. c3 Rc7 24. Rf1 Bc4 25. Rd1 Bxa2 26. Qd4 Rcc8 27. Rg4 g6 28. Nf6+ Kf8 29. Qb4+ Qc5 30. Nd7+ 1-0

[Event "Seefeld op 11th"]
[Site "Seefeld"]
[Date "2000.09.23"]
[Round "8"]
[White "Bretscher, Robert"]
[Black "Lorenz, Christof"]
[Result "1-0"]
[WhiteElo "1635"]
[BlackElo "1404"]
[PlyCount "135"]
[EventDate "2000.09.16"]
[EventType "swiss"]
[EventRounds "9"]
[EventCountry "AUT"]
[SourceTitle "EXT 2001"]
[Source "ChessBase"]
[SourceDate "2000.11.22"]
[SourceVersion "1"]
[SourceVersionDate "2000.11.22"]
[SourceQuality "1"]

1. e4 e5 2. Nf3 Nc6 3. Bb5 a6 4. Ba4 b5 5. Bb3 Nf6 6. d3 h6 7. 0-0 Be7 8. Nc3 d6 9. h3 Bb7 10. Ne2 Na5 11. Ng3 Nxb3 12. axb3 0-0 13. Re1 c5 14. Nf5 Kh7 15. Nh2 Bc8 16. Qf3 Bxf5 17. Qxf5+ g6 18. Qf3 Qd7 19. Qe3 g5 20. h4 Ng4 21. Nxg4 Qxg4 22. hxg5 Bxg5 23. Qe2 Qxe2 24. Rxe2 Bxc1 25. Rxc1 h5 26. f4 f5 27. fxe5 dxe5 28. exf5 Rxf5 29. Rf1 Raf8 30. Rxf5 Rxf5 31. Rf2 Kg6 32. Kf1 Kg5 33. Ke2 Rxf2+ 34. Kxf2 h4 35. Kf3 Kf5 36. g3 h3 37. g4+ Kg5 38. Kg3 h2 39. Kxh2 Kxg4 40. Kg2 Kf4 41. Kf2 e4 42. dxe4 Kxe4 43. Ke2 b4 44. Kd2 a5 45. c3 Kd5 46. Kd3 Kd6 47. c4 Kc6 48. Ke4 Kd6 49. Kf5 Kc7 50. Ke5 Kc6 51. Ke6 Kc7 52. Kd5 Kb6 53. Kd6 a4 54. bxa4 b3 55. Kd5 Ka5 56. Kxc5 Kxa4 57. Kd4 Kb4 58. c5 Kb5 59. Kd5 Ka6 60. c6 Ka7 61. Kd6 Kb8 62. Kd7 Ka7 63. c7 Kb6 64. c8R Kb7 65. Rc6 Kb8 66. Rc4 Ka7 67. Kc7 Ka6 68. Rc5 1-0

[Event "Seefeld op 11th"]
[Site "Seefeld"]
[Date "2000.09.16"]
[Round "1"]
[White "Thielen, Dankward"]
[Black "Lorenz, Christof"]
[Result "1-0"]
[WhiteElo "2115"]
[BlackElo "1404"]
[PlyCount "99"]
[EventDate "2000.09.16"]
[EventType "swiss"]
[EventRounds "9"]
[EventCountry "AUT"]
[SourceTitle "EXT 2001"]
[Source "ChessBase"]
[SourceDate "2000.11.22"]
[SourceVersion "1"]
[SourceVersionDate "2000.11.22"]
[SourceQuality "1"]

1. e4 e5 2. Nc3 Nf6 3. Nf3 Nc6 4. Bb5 d6 5. d4 Bd7 6. 0-0 Be7 7. Re1 0-0 8. Bxc6 Bxc6 9. dxe5 dxe5 10. Qxd8 Raxd8 11. Nxe5 Bd7 12. Bg5 h6 13. Bh4 g5 14. Bg3 Rfe8 15. Nd3 c6 16. Rad1 Be6 17. f3 Nh5 18. Bf2 b6 19. a3 Kh7 20. g4 Ng7 21. Ne5 Rc8 22. Kg2 Bf6 23. Nd3 Be7 24. Rd2 Rg8 25. Red1 h5 26. h3 h4 27. Ne2 c5 28. Nc3 Rgd8 29. Nc1 Rxd2 30. Rxd2 Bf6 31. N1e2 Be5 32. b3 a6 33. Be3 b5 34. Bxg5 f6 35. Bxh4 b4 36. axb4 cxb4 37. Nd5 Bxd5 38. exd5 Rf8 39. Bg3 Bxg3 40. Kxg3 f5 41. Nf4 Re8 42. d6 Rd8 43. d7 Kg8 44. Rd6 fxg4 45. hxg4 Kf7 46. Nd5 Ne6 47. Nxb4 Nc5 48. Nc6 Rxd7 49. Ne5+ Ke7 50. Rxd7+ 1-0